000 00970cam a22003137a 4500
003 CHAP
005 20220817043404.0
008 971013s1963 enka r 00010 eng d
010 _a74090
011 _a75062
035 _a84622
040 _cCHAP
082 0 4 _a574.87
_bH3
100 0 0 _aHarris, Robert John Cecil.
_952876
245 1 0 _aBiological organization at the cellular and supercellular level
260 _aLndon :
_bAcademic Press,
_c1963
300 _a261 p.
_b: ilus.
590 _aBATCH-UPD
_b10
_c20130110
_lUCH01
_h0655
590 _aBATCH-UPD
_b10
_c20130409
_lUCH01
_h1906
590 _aBATCH-UPD
_b10
_c20130410
_lUCH01
_h0340
590 _aBATCH-UPD
_b10
_c20130914
_lUCH01
_h0943
590 _aCONVERSION
_b10
_c20130109
_lUCH01
_h1340
650 1 4 _aCitología.
_923489
650 1 4 _aDiferenciación (Biología)
_932557
710 1 _aUNESCO
901 _aBK
942 _cLIBRO
949 _a574.87 H3
_bBC
_cLIBRO
_d33724000474698
_eLIBRO
_h17137
_i84622
_si
999 _c74090
_d74090